[Event "Quebec Montcalm op 5th"]
[Site "Quebec"]
[Date "2005.??.??"]
[Round "1"]
[White "Lessard, Claude"]
[Black "Grant, James"]
[Result "1-0"]
[WhiteElo "1964"]
[BlackElo "1510"]
[PlyCount "41"]
[EventDate "2005.??.??"]
[EventType "swiss"]
[EventRounds "5"]
[EventCountry "CAN"]
[SourceTitle "EXT 2006"]
[Source "ChessBase"]
[SourceDate "2005.11.24"]
[SourceVersion "1"]
[SourceVersionDate "2005.11.24"]
[SourceQuality "1"]

1. d4 d5 2. Nf3 e6 3. g3 Nf6 4. Bg2 Be7 5. 0-0 0-0 6. Nbd2 c6 7. b3 Na6 8. Bb2 Nc7 9. c4 b5 10. cxb5 Nxb5 11. Rc1 Qb6 12. Ne5 Bb7 13. Ndf3 Rfd8 14. e3 Qa6 15. Ng5 Rf8 16. Bh3 Nc7 17. Qc2 Rad8 18. Nxc6 Bxc6 19. Qxc6 Qxc6 20. Rxc6 Rd7 21. Rfc1 1-0

[Event "Quebec Montcalm"]
[Site "Quebec"]
[Date "2003.05.29"]
[Round "5"]
[White "Bourassa, Real"]
[Black "Grant, James"]
[Result "0-1"]
[WhiteElo "1703"]
[BlackElo "1680"]
[PlyCount "74"]
[EventDate "2003.05.??"]
[EventType "tourn"]
[EventRounds "5"]
[EventCountry "CAN"]
[SourceTitle "EXT 2006"]
[Source "ChessBase"]
[SourceDate "2005.11.24"]
[SourceVersion "1"]
[SourceVersionDate "2005.11.24"]
[SourceQuality "1"]

1. e4 e5 2. Nf3 Nc6 3. Nc3 g6 4. d4 Bg7 5. d5 Nd4 6. Be3 c5 7. dxc6 dxc6 8. Be2 Nxe2 9. Qxd8+ Kxd8 10. Kxe2 Be6 11. b3 Kc7 12. Ng5 Nh6 13. Nxe6+ fxe6 14. f3 Nf7 15. Rad1 b6 16. Rd4 Bf6 17. Rhd1 Rad8 18. Rxd8 Nxd8 19. Nb1 c5 20. c4 Nc6 21. Nc3 a6 22. a3 Nd4+ 23. Bxd4 exd4 24. Nb1 Rd8 25. Kd3 Bg5 26. Nd2 Kc6 27. a4 Rb8 28. h3 Bf4 29. Rb1 a5 30. Rh1 Bxd2 31. Kxd2 Kd6 32. Rc1 Ke5 33. g3 g5 34. Ke2 h5 35. Kd3 h4 36. gxh4 gxh4 37. Kc2 Rg8 0-1

[Event "Quebec Montcalm"]
[Site "Quebec"]
[Date "2003.05.15"]
[Round "3"]
[White "Sauve, Richard"]
[Black "Grant, James"]
[Result "1-0"]
[WhiteElo "1944"]
[BlackElo "1680"]
[PlyCount "87"]
[EventDate "2003.05.??"]
[EventType "tourn"]
[EventRounds "5"]
[EventCountry "CAN"]
[SourceTitle "EXT 2006"]
[Source "ChessBase"]
[SourceDate "2005.11.24"]
[SourceVersion "1"]
[SourceVersionDate "2005.11.24"]
[SourceQuality "1"]

1. d4 d5 2. c4 e6 3. Nc3 Be7 4. cxd5 exd5 5. Bf4 c6 6. e3 Bf5 7. Nge2 Nd7 8. Ng3 Bg6 9. Be2 Ngf6 10. h4 h5 11. Bg5 Qc7 12. Rc1 Bb4 13. 0-0 Bxc3 14. Rxc3 Ne4 15. Nxe4 dxe4 16. d5 f6 17. Bf4 Ne5 18. dxc6 b6 19. Qc2 Rd8 20. Rd1 Rxd1+ 21. Qxd1 Ke7 22. Qa4 Rd8 23. Ra3 a5 24. Rb3 Rd5 25. Bxe5 Rxe5 26. Qd4 Rc5 27. Qd7+ Qxd7 28. cxd7 Kxd7 29. Rxb6 Kc7 30. Rb5 Rc2 31. Bxh5 Bxh5 32. Rxh5 Rxb2 33. Rxa5 Kb6 34. Ra8 Rb1+ 35. Kh2 Rf1 36. Kg3 Rc1 37. Rd8 f5 38. Rd7 Rc2 39. Rxg7 Rxa2 40. h5 Kc6 41. h6 Ra1 42. h7 Rh1 43. Kf4 Rh5 44. Ke5 1-0

[Event "Quebec Montcalm"]
[Site "Quebec"]
[Date "2003.05.01"]
[Round "1"]
[White "Audet Bouchard, Nicolas"]
[Black "Grant, James"]
[Result "1-0"]
[WhiteElo "2098"]
[BlackElo "1680"]
[PlyCount "43"]
[EventDate "2003.05.??"]
[EventType "tourn"]
[EventRounds "5"]
[EventCountry "CAN"]
[SourceTitle "EXT 2006"]
[Source "ChessBase"]
[SourceDate "2005.11.24"]
[SourceVersion "1"]
[SourceVersionDate "2005.11.24"]
[SourceQuality "1"]

1. e4 e5 2. Nf3 Nc6 3. Bb5 a6 4. Ba4 Nf6 5. 0-0 Be7 6. Qe2 b5 7. Bb3 Bb7 8. c3 d6 9. d4 Nd7 10. Rd1 Bf6 11. a4 Na5 12. Bc2 c6 13. Nbd2 c5 14. dxc5 Nxc5 15. b4 Nxa4 16. Bxa4 bxa4 17. bxa5 Qxa5 18. Nc4 Qxc3 19. Nxd6+ Kf8 20. Bb2 Qc7 21. Rac1 Qb6 22. Qc4 1-0

[Event "Quebec Montcalm op 3 2002-03"]
[Site "Quebec"]
[Date "2002.11.21"]
[Round "1"]
[White "Grant, James"]
[Black "Auger, Bertrand"]
[Result "0-1"]
[WhiteElo "1514"]
[BlackElo "2097"]
[PlyCount "74"]
[EventDate "2002.11.21"]
[EventType "swiss"]
[EventRounds "5"]
[EventCountry "CAN"]
[SourceTitle "EXT 2022"]
[Source "ChessBase"]
[SourceDate "2021.10.06"]
[SourceVersion "1"]
[SourceVersionDate "2021.10.06"]
[SourceQuality "1"]

1. d4 Nf6 2. c4 e6 3. Nc3 Bb4 4. Qc2 0-0 5. Nf3 b6 6. a3 Bxc3+ 7. Qxc3 Ne4 8. Qc2 Bb7 9. g3 d5 10. b3 Nd7 11. Bb2 dxc4 12. bxc4 c5 13. Bg2 cxd4 14. Nxd4 Ndc5 15. f3 Nd6 16. Rd1 Qe8 17. Nb3 Qc6 18. Nxc5 Qxc5 19. Qc3 f6 20. Rc1 Rac8 21. Qd3 Nxc4 22. Bd4 Qd5 23. 0-0 e5 24. Bf2 Qxd3 25. exd3 Nd2 26. Rxc8 Rxc8 27. Rd1 Nxf3+ 28. Kh1 Rc2 29. Bg1 Bc6 30. Rf1 Nxh2 31. Rf2 Rxf2 32. Bxc6 Ng4 33. Bd7 f5 34. Bxf2 Nxf2+ 35. Kg2 Ng4 36. Kf3 e4+ 37. Kf4 e3 0-1

[Event "Quebec Montcalm op"]
[Site "Quebec"]
[Date "2002.03.02"]
[Round "3"]
[White "Grant, James"]
[Black "Bourassa, Andre"]
[Result "0-1"]
[WhiteElo "1400"]
[BlackElo "1632"]
[PlyCount "64"]
[EventDate "2002.03.01"]
[EventType "swiss"]
[EventRounds "5"]
[EventCountry "CAN"]
[SourceTitle "EXT 2022"]
[Source "ChessBase"]
[SourceDate "2021.10.06"]
[SourceVersion "1"]
[SourceVersionDate "2021.10.06"]
[SourceQuality "1"]

1. d4 d5 2. c4 c6 3. Nc3 e6 4. e3 Nf6 5. Nf3 Qc7 6. Be2 Nbd7 7. 0-0 dxc4 8. Bxc4 Bd6 9. e4 e5 10. d5 Nb6 11. Bb3 Bg4 12. h3 Bxf3 13. Qxf3 0-0 14. Bg5 Be7 15. Rfd1 Nfxd5 16. Bxe7 Nxe7 17. Rac1 a6 18. Qg4 Rad8 19. Ne2 Kh8 20. Ng3 g6 21. Qe2 Rd4 22. Rxd4 exd4 23. Qd2 c5 24. Ne2 Qd6 25. f4 f6 26. Bc2 Nc4 27. Qd3 Nxb2 28. Qb3 d3 29. Bxd3 Nxd3 30. Rd1 Rd8 31. Nc1 Qd4+ 32. Kf1 Qf2# 0-1